| 000 | 00472nam a2200169Ia 4500 | ||
|---|---|---|---|
| 003 | LK-CoDNM | ||
| 008 | 010623t2011 xxu||||| |||| 00| 1 sin d | ||
| 040 |
_aLK-CoDNM _dLK-CoDNM _eLK-CoDNM |
||
| 041 | _asin | ||
| 080 | _a133.52 RAT | ||
| 100 | _aRatuvithana,Piyasena | ||
| 245 | _aදොළොස් ලග්නය සහ ග්රහයෝ | ||
| 246 | _aDolos Lagnaya saha Grahayo | ||
| 260 |
_bGunasena _aColombo _c2011 |
||
| 300 | _b207, 21 cm | ||
| 942 | _cBK | ||
| 999 |
_c131143 _d131143 |
||